<?xml version="1.0" encoding="UTF-8"?>
<marc:record xmlns:marc="http://www.loc.gov/MARC21/slim">
   <marc:leader>00000nam a2200000 a 4500</marc:leader>
   <marc:datafield ind1="1" ind2=" " tag="100">
      <marc:subfield code="a">Fritz, Astrid</marc:subfield>
      <marc:subfield code="4">aut</marc:subfield>
      <marc:subfield code="e">Verfasser/-in</marc:subfield>
   </marc:datafield>
   <marc:datafield ind1="0" ind2="0" tag="245">
      <marc:subfield code="a">Der dunkle Himmel</marc:subfield>
   </marc:datafield>
   <marc:datafield ind1="0" ind2="0" tag="245">
      <marc:subfield code="b">Historischer Roman</marc:subfield>
   </marc:datafield>
   <marc:datafield ind1="0" ind2="0" tag="245">
      <marc:subfield code="c">Astrid Fritz</marc:subfield>
   </marc:datafield>
   <marc:datafield ind1=" " ind2="1" tag="264">
      <marc:subfield code="a">Hamburg</marc:subfield>
      <marc:subfield code="b">ROWOHLT Taschenbuch</marc:subfield>
      <marc:subfield code="c">2022</marc:subfield>
   </marc:datafield>
   <marc:datafield ind1=" " ind2=" " tag="250">
      <marc:subfield code="a">1. Auflage</marc:subfield>
   </marc:datafield>
   <marc:datafield ind1="1" ind2=" " tag="520">
      <marc:subfield code="a">Angaben aus der Verlagsmeldung

Der dunkle Himmel Fritz, Der dunkle Himmel / von Astrid Fritz

Drei Leben, ein Dorf, eine Weltkrise. Nach «Turm aus Licht» erzählt die Bestsellerautorin Astrid Fritz das berühmte, schicksalhafte Jahr 1816, das «Jahr ohne Sommer», als großen packenden Roman - und als berührende Liebesgeschichte.

1816: schwarze Wolken, Dauerregen, Kälteeinbrüche, grelle Sonnenuntergänge. Immer wieder schauen die Menschen aus dem schwäbischen Hohenstetten in den Himmel. Das Wetter spielt verrückt. Ernteausfälle bedrohen ihr Leben. Viele Verzweifelte suchen auf fernen Kontinenten ihr Glück. Strenggläubige sehen die Apokalypse nahen. Und wieder andere versuchen, durch Tatkraft und puren Überlebenswillen das Jahr ohne Sommer zu meistern. Wie der junge Schulmeister Friedhelm. Die starke Paulina. Und der kluge Pfarrer Unterseher. Packend und atmosphärisch erzählt «Der dunkle Himmel» anhand des Leinenweberdorfes von einer historischen Klimakatastrophe globalen Ausmaßes nach einem Vulkanausbruch in Indonesien.
</marc:subfield>
   </marc:datafield>
   <marc:datafield ind1=" " ind2=" " tag="020">
      <marc:subfield code="a">9783499005923</marc:subfield>
      <marc:subfield code="9">9783499005923</marc:subfield>
   </marc:datafield>
   <marc:datafield ind1=" " ind2=" " tag="020">
      <marc:subfield code="a">3499005921</marc:subfield>
      <marc:subfield code="9">3499005921</marc:subfield>
   </marc:datafield>
   <marc:datafield ind1=" " ind2=" " tag="041">
      <marc:subfield code="a">ger</marc:subfield>
   </marc:datafield>
   <marc:datafield ind1=" " ind2=" " tag="300">
      <marc:subfield code="a">571 S.</marc:subfield>
   </marc:datafield>
</marc:record>
